| 000 | 00618nai a2200205Ia 4500 | ||
|---|---|---|---|
| 003 | IN-BaIIA | ||
| 008 | 211028c9999 xx s 000 0 eng d | ||
| 022 | _a13510711 (Print) | ||
| 022 | _a14707926 (Online) | ||
| 040 | _cIIA Library | ||
| 245 | 0 |
_aOccupational and Environmental Medicine _h[eJournal] |
|
| 260 |
_aLondon _bBMJ |
||
| 310 | _aMonthly | ||
| 362 | _a51(1); 1994 - 73(12); 2017 | ||
| 521 | _bSubscribed through IIA Library | ||
| 650 | _a Medicine & Allied Health | ||
| 650 | _aHealth Sciences | ||
| 856 |
_uhttps://www.jstor.org/journal/occuenvimedi _yClick Here to Access eJournal |
||
| 942 | _cEJ | ||
| 999 |
_c35450 _d35450 |
||